El cuerpo del amor
Guardat en:
| Autor principal: | |
|---|---|
| Format: | Llibre |
| Idioma: | espanyol |
| Publicat: |
Buenos Aires
Sudamericana
1972
|
| Col·lecció: | Colección Perspectivas
|
| Matèries: | |
| Etiquetes: |
Afegir etiqueta
Sense etiquetes, Sigues el primer a etiquetar aquest registre!
|
MARC
| LEADER | 00000nam a2200000 a 4500 | ||
|---|---|---|---|
| 001 | UCY0156 | ||
| 003 | CL-VaPUC | ||
| 008 | 940714e19720000AG |||||||||||||||||spa|d | ||
| 082 | 0 | 4 | |a 616.8917 |b BRO |2 21 |
| 100 | 0 | |a Brown, Norman Oliver |e author |9 327787 | |
| 245 | 1 | 3 | |a El cuerpo del amor |
| 300 | |a 295 p | ||
| 942 | |c BK | ||
| 945 | |d 19940714 00:00:00 |a oaravena | ||
| 260 | |a Buenos Aires |b Sudamericana |c 1972 | ||
| 650 | 0 | |a Psicoanálisis |9 265702 | |
| 583 | |a last modification |c 19940714 00:00:00 |k Rodrigo Vera | ||
| 490 | 0 | |a Colección Perspectivas | |
| 999 | |c 229238 |d 229236 | ||
| 952 | |0 0 |1 0 |4 0 |6 616_891700000000000_BRO_1972 |7 0 |8 A |9 230098 |a BIBTEO |b BIBTEO |d 2019-11-15 |i 2988267 |o 616.8917 BRO 1972 |p 2988267 |r 2025-01-17 |w 2019-11-15 |y BK |k ICR | ||